Mycelium. Program apokalypsy /
Vyvrcholení nejobsáhlejší české sci-fi ságy Mycelium. Intriky, psychotronika a krvavé oběti. Všechno míří právě sem. Tohle už je konec.
Uloženo v:
| Série: | Mycelium,
část 8 |
|---|---|
| Hlavní autor: | |
| Médium: | Kniha |
| Jazyk: | Czech |
| Vydáno: |
Praha :
Argo,
2022
|
| Vydání: | Vydání první |
| Edice: | Fantastika (Argo)
|
| Témata: | |
| Celkem bylo vypůjčeno: | 3x |
| Příbuzné jednotky: | Z cyklu::
Mycelium |
| Tagy: |
Žádné tagy |
| LEADER | 02433nam a2200421 i 4500 | ||
|---|---|---|---|
| 001 | 97873 | ||
| 003 | CZ PrNK | ||
| 005 | 20230719141815.0 | ||
| 007 | ta | ||
| 008 | 220601s2022 xr g 000 f cze | ||
| 015 | |a cnb003426654 | ||
| 020 | |a 9788025738368 |q (brožováno) : |c Kč 588,00 | ||
| 040 | |a ABG001 |b cze |e rda | ||
| 072 | 7 | |a 821.162.3-3 |x Česká próza |2 Konspekt |9 25 | |
| 080 | |a 821.162.3-31 |2 MRF | ||
| 080 | |a (0:82-311.9) |2 MRF | ||
| 100 | 1 | |a Kadlečková, Vilma, |d 1971- |7 jn19990209333 |4 aut |9 19022 | |
| 245 | 1 | 0 | |a Mycelium. |p Program apokalypsy / |c Vilma Kadlečková |
| 246 | 3 | 0 | |a Program apokalypsy |
| 250 | |a Vydání první | ||
| 264 | 1 | |a Praha : |b Argo, |c 2022 | |
| 300 | |a Strana 606-1209 ; |c 21 cm | ||
| 336 | |a text |b txt |2 rdacontent | ||
| 337 | |a bez média |b n |2 rdamedia | ||
| 338 | |a svazek |b nc |2 rdacarrier | ||
| 500 | |a Označení svazku v prelimináriích a v tiráži: kniha osmá | ||
| 500 | |a Edice Fantastika v knize neuvedena, zjištěna v Databázi knih | ||
| 520 | 2 | |a Vyvrcholení nejobsáhlejší české sci-fi ságy Mycelium. Intriky, psychotronika a krvavé oběti. Všechno míří právě sem. Tohle už je konec. |b Ve chvíli vrcholící Hvězdovlády se rozhoduje o budoucí podobě světa. Psychotronický program běží. Končí starý věk... a pro Zemi, která má ve svém civilizačním plánu apokalypsu, to nemusí být nic příjemného. Sgenové, Lodě a lidé bojují o to, aby svět naformátovali podle svého vkusu. A Lucas si také nárokuje svůj podíl. Přináší - a požaduje - oběti. V tuhle chvíli může získat všechno. A taky může všechno ztratit. Aš~šád může být jeho nejlepším spojencem v boji se Sgenem, nebo se stát jeho nejhorším nepřítelem. Prsty Chaosu se kdykoliv mohou natáhnout ze tmy. V osudí plném bílých míčků je jeden černý, který znamená smrt. Může to být vítězství. Nebo zkáza. Nebo naděje. Nakladatelská anotace. Kráceno. | |
| 655 | 7 | |a české romány |7 fd133974 |2 czenas |9 54031 | |
| 655 | 7 | |a vědecko-fantastické romány |7 fd133847 |2 czenas | |
| 655 | 9 | |a Czech fiction |2 eczenas | |
| 655 | 9 | |a science fiction novels |2 eczenas | |
| 787 | 0 | 8 | |i Z cyklu: |t Mycelium |g 8 |
| 830 | 0 | |a Fantastika (Argo) | |
| 910 | |a UOG502 | ||
| 942 | |2 ddc |c KN | ||
| 999 | |d 97873 | ||
| 993 | |0 0 |1 421180098231 |2 ddc |4 0 |7 0 |9 87365 |b 0 |c 98231 |d 2022-07-14 |e 3 |f DOSP |h 588.00 |i Koupě |l DOSP |m 1 |r 2022-11-01 |s 2022-10-11 |t 6 |w 2022-07-14 |y KN |z SFF | ||